Statistics for Seattle Seahawks All-Pros/Pro Bowlers

Click here to take the quiz!

General Stats

  • This quiz has been taken 729 times
    (48 since last reset)
  • The average score is 31 of 64

Answer Stats

Hint#Answer% Correct
9LB54Bobby Wagner
95%
9QB3Russell Wilson
95%
4RB24Marshawn Lynch
85%
4CB25Richard Sherman
83%
7WR80Steve Largent
83%
2WR14DK Metcalf
78%
6S29Earl Thomas
78%
2QB7Geno Smith
78%
4S31Kam Chancellor
78%
1KR16Tyler Lockett
75%
2WR89Doug Baldwin
73%
3RB37Shaun Alexander
73%
9LT71Walter Jones
73%
3QB8Matt Hasselbeck
68%
1S33Jamal Adams
65%
2LB94Chad Brown
63%
1CB22Dave Brown
63%
2T76Duane Brown
63%
8DT96Cortez Kennedy
60%
2TE88Jimmy Graham
60%
1LB50K.J. Wright
60%
3S37/6Quandre Diggs
58%
1CB21Devon Witherspoon
55%
2C60Max Unger
55%
1DE56Cliff Avril
50%
1S30Darryl Williams
50%
2FB32John L. Williams
50%
3DE72Michael Bennett
50%
3G76Steve Hutchinson
50%
1CB27Tariq Woolen
50%
3QB17Dave Krieg
48%
1K5Jason Myers
48%
5S45Kenny Easley
48%
1P4Michael Dickson
48%
1QB1Warren Moon
48%
1CB39Brandon Browner
45%
1S20Julian Love
43%
1K9Norm Johnson
43%
3RB28Curt Warner
40%
2S41Eugene Robinson
40%
3LB51Lofa Tatupu
40%
1FB26Michael Robinson
40%
3LB98Julian Peterson
38%
2FB38Max Strong
38%
1LT76Russell Okung
38%
3RB42Chris Warren
35%
4LB50Fredd Young
35%
1KR33Leon Washington
35%
1CB23Marcus Trufant
33%
1CB24Shawn Springs
33%
1WR89Brian Blades
30%
3DE70Michael Sinclair
30%
1CB26Shaquill Griffin
30%
1WR85Alex Bannister
28%
1DT93John Randle
28%
2LB44Nick Bellore
28%
1DE97Patrick Kerney
28%
2DE79Jacob Green
25%
1NT72Joe Nash
13%
1C61Robbie Tobeck
10%
2LB97Rufus Porter
10%
1LS69Tyler Ott
10%
1KR30Bobby Joe Edmonds
8%
1P14Rick Tuten
8%

Score Distribution

Percentile by Number Answered

Percent of People with Each Score

Your Score History

You have not taken this quiz since the last reset